LEADER 01704nam0 2200325 i 450 001 SUN0050169 005 20160407105152.729 010 $a978-06-911138-4-5$d0.00 100 $a20060825d2003 |0engc50 ba 101 $aeng 102 $aUS 105 $a|||| ||||| 200 1 $a*Fourier analysis$ean introduction$fElias M. Stein, Rami Shakarchi 210 $aPrinceton$aOxford$cPrinceton university$d2003 215 $aXVI, 311 p.$d24 cm. 410 1$1001SUN0050167$12001 $aPrinceton lectures in analysis$vI$1210 $aPrinceton$cPrinceton university$d2003-. 606 $a42-XX$xHarmonic analysis on Euclidean spaces [MSC 2020]$2MF$3SUNC019851 606 $a42A38$xFourier and Fourier-Stieltjes transforms and other transforms of Fourier type [MSC 2020]$2MF$3SUNC024732 606 $a42B10$xFourier and Fourier-Stieltjes transforms and other transforms of Fourier type [MSC 2020]$2MF$3SUNC030738 620 $aGB$dOxford$3SUNL000020 700 1$aStein$b, Elias M.$3SUNV039457$041144 701 1$aShakarchi$b, Rami$3SUNV039459$061671 712 $aPrinceton university$3SUNV000300$4650 801 $aIT$bSOL$c20200928$gRICA 856 4 $u/sebina/repository/catalogazione/documenti/Stein, Shakarchi - Fourier analysis . an introduction. 2nd ed..pdf$zContents 912 $aSUN0050169 950 $aUFFICIO DI BIBLIOTECA DEL DIPARTIMENTO DI MATEMATICA E FISICA$d08PREST 42-XX 4262 $e08 6659 I a 20060825 950 $aUFFICIO DI BIBLIOTECA DEL DIPARTIMENTO DI MATEMATICA E FISICA$d08PREST 42-XX 4262 $e08 9088 I b 20110627 996 $aFourier analysis$9732717 997 $aUNICAMPANIA LEADER 01755nas 2200553- 450 001 9910279659503321 005 20240811213015.0 011 $a2056-3299 035 $a(OCoLC)986950136 035 $a(CKB)3150000000021167 035 $a(CONSER)--2017243366 035 $a(DE-599)ZDB2937945-3 035 $a(MiAaPQ)3747999 035 $a(EXLCZ)993150000000021167 100 $a20140613a20159999 o-- a 101 0 $aeng 135 $aur||||||||||| 181 $ctxt$2rdacontent 182 $cc$2rdamedia 183 $acr$2rdacarrier 200 10$aConcussion 210 1$aLondon :$cFuture Medicine on behalf of the journal owner The Drake Foundation,$d2015-2024. 210 31$aLondon :$cThe Drake Foundation 215 $a1 online resource 300 $aRefereed/Peer-reviewed 330 $a"The journal publishes original research, reviews and commentaries addressing the assessment, management, and short and long-term implications of concussion" -- Scholastica platform. 531 0 $aConcussion 531 10$aConcussion 606 $aBrain$xConcussion$vPeriodicals 606 $aBrain Concussion 606 $aChronic Traumatic Encephalopathy 606 $aPost-Concussion Syndrome 606 $aBrain$xConcussion$2fast 608 $aPeriodical 608 $aFulltext. 608 $aInternet Resources. 608 $aPeriodicals. 608 $aPeriodicals$2fast 615 0$aBrain$xConcussion 615 12$aBrain Concussion 615 22$aChronic Traumatic Encephalopathy 615 22$aPost-Concussion Syndrome 615 7$aBrain$xConcussion 676 $a617.481044 712 02$aDrake Foundation, 906 $aJOURNAL 912 $a9910279659503321 996 $aConcussion$91900435 997 $aUNINA